| 000 | 00398nam a2200145 a 4500 | ||
|---|---|---|---|
| 001 | 000041456 | ||
| 005 | 20201002034914.0 | ||
| 008 | 131007s1963 sp 000 0 spa d | ||
| 040 |
_aDO-SdBNP _bspa _cBNPHU |
||
| 082 |
_axxxxxx _bxxxxxx |
||
| 100 | 1 |
_aSpock, Benjamin _962511 |
|
| 245 | 1 | 0 |
_aProblemas de los hijos / _cBenjamin Spock. |
| 260 |
_aMadrid : _bDaimon, _c1963. |
||
| 300 |
_a266 p. ; _c19 cm. |
||
| 999 |
_c40946 _d40946 |
||